Sports Quiz

Random Sports or Mixed Word Quiz

Different First and Last Letter: NBA Teams Quiz Stats

Quiz not verified by Sporcle

Challenge
Share
Tweet
Embed
Score 0/30 Timer 03:00
0 Plays Today
Clue Team % Correct
BrizzlieyGrizzlies
96.3%
SawkeHawks
96.1%
MuggetaNuggets
96.1%
BimberwolverTimberwolves
96.1%
Drail BlazeryTrail Blazers
96.1%
HelicantPelicans
96%
BaverickyMavericks
96%
GaptoryRaptors
96%
BeltickCeltics
95.6%
NavaliernCavaliers
95.4%
LlippernClippers
95%
GarrioreWarriors
95%
56ern76ers
94.9%
DistonePistons
94.9%
MockettRockets
94.9%
Clue Team % Correct
SnickyKnicks
94.8%
LizardyWizards
94.6%
SullyBulls
93.3%
ChundesThunder
93.3%
TacernPacers
93.1%
RuckeBucks
93%
CornethHornets
93%
WakernLakers
92.9%
IpureSpurs
90.1%
LagioMagic
88.4%
HazeJazz
87.9%
DuneSuns
86.9%
PetaNets
85.2%
MeanHeat
84.7%
BingoKings
81.9%

You're not logged in!

Compare scores with friends on all Sporcle quizzes.
Join for Free
OR
Log In

You Might Also Like...

Show Comments

Extras

Top Quizzes Today


Score Distribution

Your Account Isn't Verified!

In order to create a playlist on Sporcle, you need to verify the email address you used during registration. Go to your Sporcle Settings to finish the process.

Report this User

Report this user for behavior that violates our Community Guidelines.

Details: